| 000 | 00843cam a22002534a 4500 | ||
|---|---|---|---|
| 001 | sa 62000021 | ||
| 003 | DLC | ||
| 005 | 20260227111912.0 | ||
| 008 | 840920s1944 ii 000 0 hino | ||
| 010 | _asa 62000021 | ||
| 040 |
_aDLC _cDLC |
||
| 041 | 0 |
_ahin _abra _hbra |
|
| 050 | 0 | 0 |
_aPK1967.9.T8 _bV5365 1944 |
| 100 | 0 |
_aViyogī Hari, _d1895- |
|
| 245 | 1 | 0 |
_aVinaya-patrikā : _bsaṭīka / _cTulasīdāsa-racita ; [ṭīkākāra] Viyogī Hari. |
| 250 | _a4. saṃśodhita saṃskaraṇa. | ||
| 260 |
_aKāśī : _bSāhitya-Sevā-Sadana, _c2001 [[1944] |
||
| 300 |
_a540 p. ; _c20 cm. |
||
| 490 | 0 |
_aKāvya-grantha-ratnamālā ; _vratna 6 |
|
| 546 | _aIn Hindi and Braj. | ||
| 500 | _aIncludes the Haritoshiṇī commentary. | ||
| 600 | 0 | 0 |
_aTulasīdāsa, _d1532-1623. _tVinayapatrikā. |
| 700 | 0 | 2 |
_aViyogī Hari, _d1895- _tHaritoshiṇī. |
| 999 |
_c52799 _d52799 |
||